000 nam a22 a 4500
999 _c4467
_d4467
003 AKMAL
005 20170530111254.0
008 170530s2004 my l 00 may d
020 _a9678913151 (kkt.):
_cRM22.50
040 _cAKMAL
082 0 4 _a343.5950942 PEN
_221
090 0 0 _a343.5950942
_bPEN
110 1 _aMalaysia
_9400
245 1 0 _aAkta Pengangkutan Jalan 1987 (Akta 333) & Akta Lembaga Pelesenan Kenderaan Perdagangan 1987 (Akta 334) :
_b(hingga 5hb Januari 2004) /
_cdisusun oleh Lembaga Penyelidikan Undang-undang
260 _aPetaling Jaya :
_bInternational Law Book Services,
_c2004
300 0 0 _aviii, 220ms. ;
_c24cm
440 0 _aUNDANG-UNDANG MALAYSIA
_98654
650 0 _aTransportation, Automotive
_xLaw and legislation
_zMalaysia
_98655
650 0 _aCommercial vehicles
_xLaw and legislation
_zMalaysia
_98656
710 1 _aMalaysia.
_tAkta Lembaga Pelesenan Kenderaan Perdagangan, 1987
_98657
942 _2ddc
_cBOOK